000 00421nmm a2200145Ia 4500
008 251105s9999||||xx |||||||||||||||||und||
041 _aspa
100 _aJoselovsky, Ariel
245 0 _aOrigen de la ansiedad
264 _a[Madrid, España] :
_bEdiciones B,
_c2016
300 _a174 páginas
650 _aSelf-help and personal development
856 _uhttps://public.digitaliapublishing.com/a/53649
942 _cCF
999 _c106214
_d106214